Research Methodology Methods and Techniques (Record no. 4)

MARC details
000 -LEADER
fixed length control field 00401nam a22001577a 4500
005 - DATE AND TIME OF LATEST TRANSACTION
control field 20180220152521.0
008 - FIXED-LENGTH DATA ELEMENTS--GENERAL INFORMATION
fixed length control field 160426b xxu||||| |||| 00| 0 eng d
020 ## - INTERNATIONAL STANDARD BOOK NUMBER
ISBN 81-224-1522-9
041 ## - LANGUAGE CODE
Language code of text/sound track or separate title eng
082 ## - DEWEY DECIMAL CLASSIFICATION NUMBER
Item number 00011
Classification number 001.42
100 ## - MAIN ENTRY--AUTHOR NAME
Personal name KOTHARI, C.R.
245 ## - TITLE STATEMENT
Title Research Methodology Methods and Techniques
260 ## - PUBLICATION, DISTRIBUTION, ETC. (IMPRINT)
Place of publication New Delhi
Name of publisher New Age International Ltd
Year of publication 2009
300 ## - PHYSICAL DESCRIPTION
Number of Pages 401
942 ## - ADDED ENTRY ELEMENTS (KOHA)
Koha item type Books
Holdings
Lost status Damaged status Home library Shelving location Date acquired Full call number Accession Number Koha item type Collection code Current library Cost, normal purchase price
    JRU Library SHELF-8-A 26/04/2016 001.42 00006 Books      
    JRU Library   15/03/2024 001.42 00007 Books MANAGEMENT JRU Library 200.00
    JRU Library   15/03/2024 001.42 00008 Books MANAGEMENT JRU Library 200.00
    JRU Library SHELF-46-C 30/01/2025 001.42 00009 Books LIFE SKILL JRU Library 200.00
    JRU Library   15/03/2024 001.42 00010 Books MANAGEMENT JRU Library 200.00
    JRU Library SHELF-8-A 10/01/2025 001.42 00011 Books     200.00
    JRU Library   15/03/2024 001.42 00012 Books MANAGEMENT JRU Library 200.00
    JRU Library   03/10/2023 001.42 00013 Books MANAGEMENT JRU Library 200.00
    JRU Library   22/02/2024 001.42 00014 Books MANAGEMENT JRU Library 200.00
    JRU Library   15/03/2024 001.42 00015 Books MANAGEMENT JRU Library 200.00
    JRU Library SHELF -72- H 14/02/2023 001.42 00016 Books Reference   200.00
    JRU Library   15/03/2024 001.42 00017 Books MANAGEMENT JRU Library 200.00
    JRU Library   26/04/2016 001.42 00018 Books MANAGEMENT JRU Library 200.00
Missing   JRU Library SHELF-8-A 26/04/2016 001.42 00019 Books   JRU Library 200.00
    JRU Library   26/04/2016 001.42 00020 Books MANAGEMENT JRU Library 200.00
    JRU Library   26/04/2016 001.42 00021 Books MANAGEMENT JRU Library 200.00
    JRU Library SHELF-46-C 26/04/2016 001.42 00022 Books LIFE SKILL JRU Library 200.00
    JRU Library   26/04/2016 001.42 00023 Books MANAGEMENT JRU Library